[Event "Kyustendil The three beeches op A 2nd"]
[Site "Kyustendil"]
[Date "2016.07.09"]
[Round "5.10"]
[White "Ballar, Efe"]
[Black "Kochevski, Kiril"]
[Result "0-1"]
[WhiteElo "1257"]
[BlackElo "1340"]
[PlyCount "140"]
[EventDate "2016.07.07"]
[EventType "swiss"]
[EventRounds "7"]
[EventCountry "BUL"]
[SourceTitle "EXT 2024"]
[Source "ChessBase"]
[SourceDate "2023.10.10"]
[SourceVersion "1"]
[SourceVersionDate "2023.10.10"]
[SourceQuality "1"]

1. e4 c6 2. d4 d5 3. exd5 cxd5 4. Bd3 Nf6 5. h3 Nc6 6. Ne2 g6 7. c3 Bf5 8. Bf4 e6 9. 0-0 Bd6 10. Re1 Bxf4 11. Nxf4 Qd6 12. Ne2 0-0-0 13. Qc2 Kb8 14. Nd2 Rc8 15. a3 Ne7 16. Ng3 Rhg8 17. Nf3 Bxd3 18. Qxd3 Nd7 19. Re2 Nf5 20. Ne5 Nxe5 21. dxe5 Qb6 22. Nxf5 gxf5 23. Qe3 Qd8 24. Rd1 Rg6 25. f3 Qg8 26. Rdd2 Rg3 27. Kh2 Qg7 28. Qf4 Rg5 29. Kh1 Rc4 30. Rd4 Rc8 31. Rdd2 Rg8 32. Kh2 Qh6 33. Kh1 Qg6 34. Kh2 Rg3 35. a4 a6 36. b3 a5 37. Rc2 Rg5 38. Rcd2 Rc8 39. Rc2 Qh6 40. Kh1 Qg7 41. Kh2 Rg8 42. Rcd2 Qf8 43. Ra2 R8g7 44. Kh1 Qg8 45. Kh2 R7g6 46. Rac2 Rh6 47. Rb2 Rgh5 48. Qg3 Rg6 49. Qf4 Qd8 50. Rbc2 Rh4 51. Qe3 f4 52. Qf2 b6 53. Rb2 Kb7 54. Rbc2 Rh5 55. Qd4 Qg5 56. Qf2 Qf5 57. Rcd2 Rg3 58. Qf1 Rh6 59. Rc2 Qd3 60. Rf2 Qf5 61. Rcd2 Qxe5 62. Rc2 Qe3 63. Rfe2 Qd3 64. Rf2 Qxf1 65. Rxf1 Rg8 66. Rd1 Rc8 67. Rd4 Rh4 68. g3 fxg3+ 69. Kxg3 Rxd4 70. cxd4 Rxc2 0-1